000 01143nam a2200253 a 4500
001 75976
003 BD-RjUL
005 20211209082754.0
008 190808s2015 bg ||||| b||| 000 0dben d
020 _a9789840418244
035 _a(BD-RjUL)76195
040 _aBD-RjUL
_beng
_cBD-RjUL
041 _aben
082 _223
_a954.9205
_bBAN 2015
245 1 0 _aবাংলাদেশের মুক্তিসংগ্রাম :
_bবঙ্গবন্ধু শেখ মুজিবের ঐতিহাসিক দলিল /
_cমোনায়েম সরকার, সম্পাদিত
260 _aঢাকা :
_bআগামী প্রকাশনী,
_c২০১৫
300 _a১৫৯ পৃ. ;
_c২২ সেমি.
504 _aবিবলিওগ্রাফি অন্তর্ভুক্ত
600 _aMujibur Rahman,
_cSheikh,
_d1920-1975
_9233241
651 _aBangladesh
_xHistory
_yRevolution, 1971.
_9232835
651 _aবাংলাদেশ
_xইতিহাস
_yবিপ্লব, ১৯৭১
_9232836
700 _aসরকার, মোনায়েম
_9233242
942 _2ddc
_cBK
999 _c75976
_d75976